000 00328nam a22001337a 4500
005 20250901165811.0
008 250324b |||||||| |||| 00| 0 eng d
020 _a9789966011589
050 _aPL 8708.9 S26 2011
245 _aYASINYA
_cSANJA LEONARD
260 _aNAIROBI1
_bFOCUS PUBLISHERS
_c2011
300 _a178
942 _2lcc
999 _c9409
_d9409